000 00656nas a2200229 4500
001 BR9208190
003 BR-BrBNA
005 20231205093100.0
007 ta
008 230509b bl.|||p| |||| 00| 00por d
040 _aBR-BrBNA
_bpor
_cBiblioteca Nacional de Agricultura
041 _a(Pt)
072 _aH20
100 1 _aFigueiredo, M.B.
100 1 _aPimentel, C.P.V.
245 1 _aMetodos de preservacao de fungos em cultura
650 _aFUNGO
650 _aMEIO DE CULTURA
773 0 _tBiologico (Brazil)
_xISSN 0366-0567
_g(Jan-Dec 1989), v. 55(1-2) p. 27-33
_wBR9208190
909 _a202311
_bLúcia
_c55
_dLúcia Elande
942 _2AGRIS
_n0
_cANA
999 _c136132
_d136132